| 000 -ლიდერი |
| ფიქსირებული სიგრძის საკონტროლო ველი |
01470nam a2200241Ia 4500 |
| 001 - საკონტროლო ნომერი |
| საკონტროლო ველი |
22691 |
| 003 - საკონტროლო ნომრის იდენტიფიკატორი |
| საკონტროლო ველი |
GE_BSU |
| 005 - ბოლო ოპერაციის თარიღი და დრო |
| საკონტროლო ველი |
20230418160539.0 |
| 008 - ფიქსირებული სიგრძის მონაცემთა ელემენტები - ზოგადი ინფორმაცია |
| ფიქსირებული სიგრძის საკონტროლო ველი |
181216s ||||ge |||||||||||||| ||geo|| |
| 020 ## - წიგნის საერთაშორისო სტანდარტული ნომერი |
| International Standard Book Number |
9789941027277 |
| 040 ## - კატალოგიზაციის წყარო |
| Transcribing agency |
GE_BSU |
| 041 ## - ენის კოდი |
| Language code of text/sound track or separate title |
geo |
| 080 ## - უნივერსალური ათობითი კლასიფიკაციის ინდექსი |
| Universal Decimal Classification number |
796(072) გ-47 |
| 245 ## - ცნობა სათაურის შესახებ |
| Title |
გზამკვლევების კრებული სპორტის სახეობებში ზოგადსაგანამანათლებლო დაწესებულებებისთვის (მე-7-12 კლასები) / |
| Remainder of title |
[ავტ. ჯგ. : რ. ვაწაძე, ბ. მაჩაბლიშვილი, ა. კაზანჯიანი [და სხვ.] ; პროექტის ხელმძღვ. ქეთევან ქობალია ; პ/მგ რედ. მამია ტუღუში. |
| 264 ## - წარმოების, გამოცემის, დისტრიბუციის და სხვა ცნობები |
| გამოცემის, წარმოების, დისტრიბუციის... ადგილი |
თბილისი : |
| გამოცემის, წარმოების, დისტრიბუციის... სახელწოდება |
ეროვნული სასწავლო გეგმებისა და შეფასების ცენტრი, |
| გამოცემის, წარმოების, დისტრიბუციის... თარიღი |
2010. |
| 300 ## - ფიზიკური აღწერა |
| Extent |
216 გვ. ; |
| Dimensions |
29 სმ. |
| 653 ## - INDEX TERM--UNCONTROLLED |
| Uncontrolled term |
სპორტი |
| 653 ## - INDEX TERM--UNCONTROLLED |
| Uncontrolled term |
სპორტის სახეობები |
| 653 ## - INDEX TERM--UNCONTROLLED |
| Uncontrolled term |
მეთოდური სახელმძღვანელოები |
| 700 ## - ADDED ENTRY--PERSONAL NAME |
| Personal name |
ტუღუში, მამია |
| Relator term |
რედაქტორი |
| 9 (RLIN) |
859 |
| 942 ## - ADDED ENTRY ELEMENTS (KOHA) |
| Koha item type |
წიგნი |
| Source of classification or shelving scheme |
|